000 00518nam a22001817a 4500
005 20251108170135.0
008 250721s2002 xx 000 0 ara d
082 1 4 _a811.9576/ذار
100 1 _aالزاري، حسن بن يحيى
245 1 0 _aأنوار الفجر :
_bشعر /
264 1 _aعمان :
_bدار الضياء،
_c2002.
300 _a124ص
490 0 _aنفحات إيمانية
650 1 7 _aالشعر العربي
650 1 7 _aتاريخ اليمن
942 _2ddc
_cBK
999 _c40716
_d40716